Lenguas : conceptos y contactos /

Guardado en:
Otros Autores: Kremnitz, Georg., Lasry, Lucía., Barrios, Graciela., Orden, María Emilia., Hipperdinger, Yolanda, comp.
Formato: Libro
Publicado: Bahía Blanca : Ediuns, 2014.
Materias:
Etiquetas: Agregar Etiqueta
Sin Etiquetas, Sea el primero en etiquetar este registro!
LEADER 00859nam a22002415a 4500
001 EHU.bham052921
008 260522s2014##################000#0#####d
005 20260522090936.0
245 0 0 |a Lenguas :  |b conceptos y contactos /  |c comp. por Yolanda Hipperdinger ; Georg Kremnitz, Graciela Barrios, María Emilia Orden, Lucía Lasry. 
260 |a Bahía Blanca :  |b Ediuns,  |c 2014. 
300 |a 168 p. 
020 |a 9789871907946 
700 1 |a Kremnitz, Georg. 
700 1 |a Lasry, Lucía. 
700 1 |a Barrios, Graciela. 
700 1 |a Orden, María Emilia. 
700 1 |a Hipperdinger, Yolanda, comp. 
082 4 1 |a 467 L566 
653 |a Lingüística 
653 |a Interlingüística 
653 |a Inmigración-lingüística 
859 |a AR-BHAM  |b BIB. HUMANIDADES - General  |h 467  |i L566  |p 196.26  |t Ej.1 
859 |a AR-BHAM  |b BIB. HUMANIDADES - General  |h 467  |i L566  |p 197.26  |t Ej.2